| 000 | 00431nam a2200181Ia 4500 | ||
|---|---|---|---|
| 001 | 10324 | ||
| 005 | 20260306161824.0 | ||
| 008 | 260306t1989||||xx |||||||||||||| ||spa|| | ||
| 041 | _aESP | ||
| 082 |
_a920.008 _bG69 |
||
| 100 |
_aGonzales Vigil, Ricardo _eAUT |
||
| 245 | 0 | _aComentemos al Inca Garcilazo | |
| 260 | _c1989 | ||
| 300 |
_a362 páginas : _c23 cm. |
||
| 650 | _aGEN | ||
| 654 | _aCHU | ||
| 942 |
_cLIB _dJUS _fJUS _2ddc _n |
||
| 999 |
_c10324 _d10324 |
||